Statistiques concernant Culture Générale - Série 2375

Cliquez ici pour prendre le quiz!

Statistiques générales

  • Ce quiz a été pris 92 fois
  • Le résultat moyen est 5 sur 10

Statistiques - réponses

QuestionRéponse% Correct
Quel animal à écailles a-t-on accusé d’avoir transmis le coronavirus à l’Homme ?pangolin
89%
Quel est le prénom de l'ancien mannequin avec qui Michell Cymes présente " Les Pouvoirs extraordinaires du corps humain" sur France 2 ?Adriana
61%
Comment appelle-t-on le chamois pyrénéen ?isard
60%
Quel champion du monde de foot 1998 a eu la fierté de voir son fils intégrer l’équipe de France en novembre 2020 ? prénom et nomLilian Thuram
56%
Quelle est la deuxième nationalité d'Éric Dupond-Moretti, actuel ministre de la Justice ?italienne
54%
Quel acteur comique a tenu un rôle dramatique dans Le Cercle rouge de Jean-Pierre Melville ?Bourvil
51%
Comment s’appelle la toute première Vice-Présidente des États-Unis, élue en novembre 2020 ? prénom et nom - voir photoKamala Harris
39%
Avant d'être acteur, Lino Ventura a été...catcheur
33%
Comment s’appelle le plus haut sommet de la Corse (2706 m) ?Monte Cinto
33%
Que signifie le mot basque "izzara", en référence à la liqueur du même nom ?étoile
6%

Distribution des résultats

Percentile par nombre de réponses

% des personnes avec chaque résultat

Votre développement - résultats

Vous n’avez pas pris ce quiz